| 000 | 01062cam a22002894a 4500 | ||
|---|---|---|---|
| 005 | 20260322212038.0 | ||
| 008 | data | ||
| 010 | _a 2001055763 | ||
| 020 | _a0670030937 (alk. paper) | ||
| 020 | _a9780670030934 (alk. paper) | ||
| 040 |
_aDLC _cDLC _dDLC |
||
| 042 | _apcc | ||
| 050 | 0 | 0 |
_aSF446.5 _b.B84 2002 |
| 082 | 0 | 0 |
_a636.8 _221 |
| 092 | _a636.8 B84 2002 | ||
| 100 | 1 | _aBudiansky, Stephen. | |
| 245 | 1 | 4 |
_aThe character of cats : _bthe origins, intelligence, behavior, and stratagems of Felis silvestris catus / _cStephen Budiansky. |
| 260 |
_aNew York, N.Y. : _bViking, _cc2002. |
||
| 300 |
_ax, 227 p., [2] p. of plates : _bill. (some col.), maps ; _c22 cm. |
||
| 504 | _aIncludes bibliographical references (p. [205]-216) and index. | ||
| 650 | 0 |
_aCats _xBehavior. |
|
| 650 | 0 |
_aCats _xPsychology. |
|
| 650 | 0 | _aCats. | |
| 856 | 4 | 2 |
_3Contributor biographical information _uhttp://www.loc.gov/catdir/enhancements/fy0719/2001055763-b.html |
| 856 | 4 | 2 |
_3Publisher description _uhttp://www.loc.gov/catdir/enhancements/fy0719/2001055763-d.html |
| 001 | data | ||
| 999 |
_c895 _d895 |
||